Zahraničnoobchodné vzťahy Číny a vybraných krajín subsaharskej Afriky (Angoly a Juhohoafrickej republiky) bakalárska práca

Na minha lista:
Detalhes bibliográficos
Autor principal: Gabčo, Dávid
Autor Corporativo: Obchodná fakulta EU. Katedra medzinárodného obchodu
Outros Autores: Baumgartner, Boris
Formato: Livro
Idioma:eslovaco
Publicado em: Bratislava 2017
Tags: Adicionar Tag
Sem tags, seja o primeiro a adicionar uma tag!

MARC

LEADER 00000nbm a2200000 4500
001 0232880
005 20170818095411.1
041 0 |a slo 
044 |a SK 
245 1 0 |a Zahraničnoobchodné vzťahy Číny a vybraných krajín subsaharskej Afriky (Angoly a Juhohoafrickej republiky)  |b bakalárska práca  |c Dávid Gabčo ; školiteľ: Boris Baumgartner 
264 1 |a Bratislava  |c 2017 
300 |a 46 s. 
100 1 |a Gabčo, Dávid 
700 1 |a Baumgartner, Boris 
710 2 |a Obchodná fakulta EU. Katedra medzinárodného obchodu